Quiz di cultura generale #12 - Statistics

Statistiche generali
  • Questo quiz è stato fatto 1.355 volte
  • Il punteggio medio è 11 su 20
Statistiche sulle risposte
DOMANDA RISPOSTA % Corretto
Da quale nome deriva l'abbreviazione Bea? Beatrice
92%
Quale guerra venne combattuta tra il 1950-1953? Guerra di... Corea
92%
La sua capitale è Seul Corea del Sud
86%
Qual era l'antico nome di Istanbul? Costantinopoli
83%
Per che cosa stanno le lettere P.S. alla fine di una lettera? Post Script
81%
Quale dio greco ha un figlio di nome Tritone? Poseidone
75%
Quale grande città giapponese inizia per O? Osaka
73%
Chi ha vissuto a Camelot? Re Artù/Artù
72%
In inglese è chiamata Beijing, in italiano? Pechino
65%
Quale matematico ha inventato un "piano" molto famoso e usato nelle materie scientifiche? Cartesio
58%
Da quale nazione ha avuto origine la sauna? Finlandia
55%
Un cubo misura 5 metri su ogni lato. Qual è la sua superficie? 150
54%
E come si chiamava prima? Bisanzio
50%
Quale fiume ha sei aree poco profonde dette cataratte? Nilo
44%
Cosa, si suppone, sia stato inventato da Satoshi Nakamoto nel 2008 e originariamente scambiato per meno di un centesimo? Bitcoin
32%
Chi ha composto "Cavalcata delle valchirie"? Richard Wagner/Wagner
32%
Chi avrebbe detto:" Lascia che mangino la torta?" Maria Antonietta
28%
Chi ha interpretato Frodo nella Trilogia del Signore degli Anelli? Wood
16%
Quale stato degli USA è geograficamente più vicino all'Africa? Maine
13%
Qual è la capitale dello stato canadese del Saskatchewan? Regina
5%
Nessun quiz corrispondente trovato
Distribuzione punteggi
Percentuale di utenti per punteggio
Percentile per numero di risposta
I tuoi punteggi nel tempo
Non hai fatto questo quiz